تنقید کا نیا منظرنامہ اور وزیر آغا (Record no. 20617)
[ view plain ]
| 000 -LEADER | |
|---|---|
| fixed length control field | 01136nam a22002537a 4500 |
| 005 - DATE AND TIME OF LATEST TRANSACTION | |
| control field | 20090106103034.0 |
| 008 - FIXED-LENGTH DATA ELEMENTS--GENERAL INFORMATION | |
| fixed length control field | 081223t xxu||||| |||| 00| 0 urd d |
| 010 ## - LCCN (DPL NO) | |
| LC control number | UR-7543 |
| 020 ## - INTERNATIONAL STANDARD BOOK NUMBER | |
| Terms of availability | 100.00 |
| International Standard Book Number | 8182233550 |
| 035 ## - SYSTEM CONTROL NUMBER | |
| System control number | B-283838 |
| 035 ## - SYSTEM CONTROL NUMBER | |
| System control number | U-6098 |
| 040 ## - CATALOGING SOURCE | |
| Original cataloging agency | dpl |
| Language of cataloging | ur |
| 082 ## - DEWEY DECIMAL CLASSIFICATION NUMBER | |
| Classification number | 840.8 |
| 100 ## - MAIN ENTRY--PERSONAL NAME | |
| Personal name | مناظرعاشق ہرگانوی |
| 245 ## - TITLE STATEMENT | |
| Title | تنقید کا نیا منظرنامہ اور وزیر آغا |
| Statement of responsibility, etc | مناظرعاشق ہرگانوی |
| 246 ## - VARYING FORM OF TITLE | |
| Title proper/short title | Tanqeed ka naya manzar nama aur wazir aagha |
| Remainder of title | by Manazir Aashiq Harganvi |
| 260 ## - PUBLICATION, DISTRIBUTION, ETC. (IMPRINT) | |
| Place of publication, distribution, etc | دہلی |
| Name of publisher, distributor, etc | ایجو کیشنل پبلیشنگ ہاوس |
| Date of publication, distribution, etc | 2008 |
| 300 ## - PHYSICAL DESCRIPTION | |
| Extent | 132 p. |
| Dimensions | 22 cm. (Hb) |
| 650 ## - SUBJECT ADDED ENTRY--TOPICAL TERM | |
| Topical term or geographic name as entry element | Urdu literature |
| 650 ## - SUBJECT ADDED ENTRY--TOPICAL TERM | |
| Topical term or geographic name as entry element | بردو ادب |
| 942 ## - ADDED ENTRY ELEMENTS (KOHA) | |
| Source of classification or shelving scheme | Dewey Decimal Classification |
| Item type | Urdu Bks |
| Classification part | 840.8 |
| Call number suffix | م ن ا |
| Withdrawn status | Lost status | Source of classification or shelving scheme | Damaged status | Not for loan | Collection code | Home library | Current library | Date acquired | Cost, normal purchase price | Total Checkouts | Full call number | Barcode | Date last seen | Copy number | Cost, replacement price | Koha item type | Source of acquisition |
|---|---|---|---|---|---|---|---|---|---|---|---|---|---|---|---|---|---|
| Dewey Decimal Classification | Non-fiction | Central Library | Central Library | 06/01/2009 | 100.00 | 840.8 م ن ا | B-283838 | 06/01/2009 | 1 | 100.00 | Urdu Bks | ||||||
| Dewey Decimal Classification | Not For Loan | Non-fiction | D.B.Act.Division | D.B.Act.Division | 07/09/2009 | 100.00 | 840.8 م ن ا | U-6098 | 07/09/2009 | 1 | 100.00 | Urdu Bks | DBAD / PUB |
